Avenged Sevenfold Discography - Statistics

General Stats
  • This quiz has been taken 55 times
  • The average score is 51 of 89
Answer Stats
Hint Answer % Correct
City Of Evil Bat Country
90%
Hail To The King Hail to the King
90%
Nightmare Nightmare
87%
City Of Evil Beast and The Harlot
84%
Waking The Fallen Unholy Confessions
84%
The Stage The Stage
81%
Avenged Sevenfold Afterlife
77%
Life Is But A Dream... G
77%
City Of Evil M.I.A.
77%
Hail To The King Shepherd of Fire
77%
Waking The Fallen Waking The Fallen
77%
Hail To The King Acid Rain
74%
Avenged Sevenfold Critical Acclaim
74%
Life Is But A Dream... Nobody
74%
Avenged Sevenfold Scream
74%
Nightmare Welcome to the Family
74%
Avenged Sevenfold A Little Piece of Heaven
71%
Avenged Sevenfold Brompton Cocktail
71%
Nightmare Buried Alive
71%
Hail To The King Requiem
71%
Hail To The King This Means War
71%
Nightmare Victim
71%
Avenged Sevenfold Almost Easy
68%
Nightmare Danger Line
68%
Hail To The King Doing Time
68%
The Stage God Damn
68%
Waking The Fallen I Wont See You Tonight Part 1
68%
Waking The Fallen I Wont See You Tonight Part 2
68%
Nightmare Save Me
68%
Waking The Fallen Chapter Four
65%
Avenged Sevenfold Dear God
65%
Avenged Sevenfold Gunslinger
65%
Life Is But A Dream... Life is But a Dream...
65%
Avenged Sevenfold Lost
65%
Life Is But A Dream... Mattel
65%
Nightmare Natural Born Killer
65%
Life Is But A Dream... (O)rdinary
65%
Waking The Fallen Second Heartbeat
65%
City Of Evil Seize the Day
65%
City Of Evil Sidewinder
65%
Nightmare Tonight the World Dies
65%
Life Is But A Dream... We Love You
65%
City Of Evil Betrayed
61%
City Of Evil Blinded In Chains
61%
City Of Evil Burn It Down
61%
Nightmare Fiction
61%
Nightmare God Hates Us
61%
Hail To The King Heretic
61%
Waking The Fallen Remenissions
61%
Nightmare So Far Away
61%
Life Is But A Dream... (D)eath
58%
Life Is But A Dream... Game Over
58%
The Stage Roman Sky
58%
City Of Evil Strength of the World
58%
Life Is But A Dream... Cosmic
55%
The Stage Exist
55%
Hail To The King Planets
55%
City Of Evil Trashed and Scattered
55%
Avenged Sevenfold Unbound (The Wild Ride)
55%
Waking The Fallen Eternal Rest
52%
The Stage Fermi Paradox
52%
The Stage Paradigm
52%
The Stage Angels
48%
Waking The Fallen Clairvoyant Disease
48%
Hail To The King Coming Home
48%
Hail To The King Crimson Day
48%
Sounding the Seventh Trumpet Streets
45%
City Of Evil The Wicked End
45%
Sounding the Seventh Trumpet To End The Rapture
45%
Sounding the Seventh Trumpet Warmness On The Soul
45%
Life Is But A Dream... Beautiful Morning
42%
The Stage Creating God
42%
Life Is But A Dream... Easier
42%
The Stage Higher
42%
The Stage Simulation
42%
The Stage Sunny Disposition
42%
Waking The Fallen And All Things Will End
39%
Waking The Fallen Desecrate Through Reverence
39%
Waking The Fallen Radiant Eclipse
39%
Sounding the Seventh Trumpet Darkness Surrounding
35%
Sounding the Seventh Trumpet The Art Of Subconscious Illusion
32%
Sounding the Seventh Trumpet Lips Of Deceit
29%
Sounding the Seventh Trumpet Forgotten Faces
23%
Sounding the Seventh Trumpet We Come Out At Night
23%
Sounding the Seventh Trumpet An Epic Of Time Wasted
19%
Sounding the Seventh Trumpet Turn The Other Way
19%
Sounding the Seventh Trumpet Shattered By Broken Dreams
16%
Sounding the Seventh Trumpet Breaking Their Hold
13%
Sounding the Seventh Trumpet Thick And Thing
3%
No matching quizzes found
Score Distribution
Percent of People with Each Score
Percentile by Number Answered
Your Score History
You have not taken this quiz